Statistics for Updated Top 5 Cities in Wyoming by Population

Click here to take the quiz!

General Stats

  • This quiz has been taken 48 times
  • The average score is 4 of 5

Answer Stats

CountyCity% Correct
LaramieCheyenne
100%
NatronaCasper
81%
AlbanyLaramie
81%
CampbellGillette
50%
SweetwaterRock Springs
50%

Score Distribution

Percentile by Number Answered

Percent of People with Each Score

Your Score History

You have not taken this quiz